Best management of human biomachine (Record no. 503841)

000 -LEADER
fixed length control field 00297cam a22001097a 4500
008 - FIXED-LENGTH DATA ELEMENTS--GENERAL INFORMATION
fixed length control field 180718b1999 xxu||||| |||| 00| 0 eng d
082 ## - DEWEY DECIMAL CLASSIFICATION NUMBER
Classification number K M697b
100 ## - MAIN ENTRY--PERSONAL NAME
Personal name Mitram,N.R.
245 ## - TITLE STATEMENT
Title Best management of human biomachine
Statement of responsibility, etc. by N.R.Mitra
260 ## - PUBLICATION, DISTRIBUTION, ETC.
Place of publication, distribution, etc. Delhi
Name of publisher, distributor, etc. Devika publication
Date of publication, distribution, etc. 1999
300 ## - PHYSICAL DESCRIPTION
Extent 168p.
Holdings
Withdrawn status Lost status Damaged status Not for loan Permanent Location Current Location Date acquired Full call number Barcode Date last seen Price effective from Koha item type
        Indian Institute of Public Administration Indian Institute of Public Administration 2018-08-04 K M697b GR20070 2018-08-04 2018-08-04 GR

Powered by Koha